| 000 | 00627nam a2200193 i 4500 | ||
|---|---|---|---|
| 001 | 161601 | ||
| 003 | ES-MaACL | ||
| 005 | 20230906212324.0 | ||
| 008 | 041021s1876 gw |||| | eng d | ||
| 040 |
_aCAM _bspa _cCAM |
||
| 100 | 1 |
_aPeard, Frances Mary. _9130925 |
|
| 245 | 1 | 2 |
_aA winter story / _cby Frances Mary Peard. |
| 260 |
_aLeipzig : _bBernhard Tauchnitz, _c1876. |
||
| 300 |
_a287 p. ; _c16 cm. |
||
| 490 | 1 |
_aCollection of british authors ; _v1569 |
|
| 830 | 0 |
_aCollection of british authors ; _v1569 _9180703 |
|
| 852 |
_aES-MaACL _jG-11993 _z-- Enc. hol., conservando la cub. original |
||
| 999 |
_c161601 _d161601 |
||